000 00297nam a2200121Ia 4500
008 190802s9999 xx 000 0 und d
020 _a978-93-528-6917-6
100 _aMark Summerfield
245 0 _aProgramming In Python 3
260 _aNew Delhi
_bPearson
_c2018
300 _a630:p
942 _cBK
999 _c2578
_d2578